000 00229nam a2200097Ia 4500
008 230508s1986 xx 000 0 und d
041 _aeng
100 _aGROB BARNARD
245 _aBASIC TELEVISION & RADIO SYSTEMS
260 _c1986
999 _c331802
_d331802